Daddy's little girls [DVD/videorecording] / ... Read More
Record details
- Physical Description: 1 videodisc (ca. 100 min.) : sd., col. ; 4 3/4 in.
- Edition: Widescreen.
- Publisher: Santa Monica, Calif. : Lionsgate, c2007.
Content descriptions
| General Note: | Videodisc release of the 2007 feature film. Special features: Audio commentary by Tyler Perry ; Extended church scene ; Atlanta Aquarium : ... Read More |
| Creation/Production Credits Note: | Director of photography, Toyomichi Kurita ; ... Read More |
| Participant or Performer Note: | Gabrielle Union, Idris Elba, Louis Gossett, Jr., ... Read More |
| Summary, etc.: | Monty is a blue-collar mechanic who enlists the ... Read More |
| Target Audience Note: | MPAA rating: PG-13; for thematic material, drug ... Read More |
| System Details Note: | DVD, region 1, widescreen (1.85:1) presentation, ... Read More |
| Language Note: | English or Spanish dialogue with optional English ... Read More |
Search for related items by subject
| LDR | 04881cgm a2200937Ia 4500 | ||
|---|---|---|---|
| 001 | 80442 | ||
| 003 | LARL_NWRL_CONSORTIUM | ||
| 005 | 20120627085228.0 | ||
| 007 | vd cvaizq | ||
| 008 | 070412s2007 cau100 g vleng d | ||
| 019 | . | ‡a608119814 | |
| 024 | 1 | . | ‡a031398213994 |
| 024 | 1 | . | ‡a00031398213994 |
| 028 | 4 | 2. | ‡a21399 ‡bLionsgate |
| 035 | . | ‡a(OCoLC)123031324 ‡z(OCoLC)608119814 | |
| 037 | . | ‡bMidwest Tape ‡nhttp://www.midwesttapes.com | |
| 040 | . | ‡aTEFMT ‡beng ‡cTEFMT ‡dTEF ‡dWHP ‡dJED ‡dRLS ‡dBTCTA ‡dEHH ‡dOCLCQ ‡dIUI ‡dOCLCQ ‡dWCM ‡dSMP ‡dCQU ‡dTXADO ‡dO2H ‡dOCLCA ‡dOCLCQ ‡dZAD ‡dOCLCQ ‡dZCU | |
| 041 | 1 | . | ‡aeng ‡aspa ‡jeng ‡jspa ‡heng |
| 043 | . | ‡an-us--- | |
| 050 | 1 | 4. | ‡aPN1995.9.F35 ‡bT9547 2007 |
| 082 | 0 | 4. | ‡a791.43/72 ‡222 |
| 245 | 0 | 0. | ‡aDaddy's little girls ‡h[DVD/videorecording] / ‡cLionsgate and Tyler Perry Studios present a Tyler Perry Studios/Rueben Cannon/Lionsgate production ; produced by Reuben Cannon, Tyler Perry ; written and directed by Tyler Perry. |
| 246 | 1 | . | ‡iTitle on container insert: ‡aTyler Perry's daddy's little girls |
| 250 | . | ‡aWidescreen. | |
| 260 | . | ‡aSanta Monica, Calif. : ‡bLionsgate, ‡cc2007. | |
| 300 | . | ‡a1 videodisc (ca. 100 min.) : ‡bsd., col. ; ‡c4 3/4 in. | |
| 538 | . | ‡aDVD, region 1, widescreen (1.85:1) presentation, Dolby Digital. | |
| 546 | . | ‡aEnglish or Spanish dialogue with optional English or Spanish subtitles; closed-captioned. | |
| 511 | 1 | . | ‡aGabrielle Union, Idris Elba, Louis Gossett, Jr., Tasha Smith, Tracee Ellis Ross, Malinda Williams, Terri J. Vaughn, Gary Sturgis. |
| 508 | . | ‡aDirector of photography, Toyomichi Kurita ; editor, Maysie Hoy ; music, Brian McKnight ; costume designer, Keith G. Lewis ; production designer, Ina Mayhew. | |
| 500 | . | ‡aVideodisc release of the 2007 feature film. | |
| 521 | 8 | . | ‡aMPAA rating: PG-13; for thematic material, drug and sexual content, some violence and language. |
| 520 | . | ‡aMonty is a blue-collar mechanic who enlists the help of a successful-but-lonely attorney while trying to gain custody of his three daughters from his treacherous ex-wife and her larcenous boyfriend. Along the way, the working relationship between the blue collar dad and his uptown attorney grows into something more. As these two people try to overcome their different backgrounds, they find love. Monty struggles to protect his children from abuse and neglect, and a community looks to purge itself from the criminals terrorizing their neighborhood. | |
| 500 | . | ‡aSpecial features: Audio commentary by Tyler Perry ; Extended church scene ; Atlanta Aquarium : "working underwater" ; Tyler's team : cast and characters ; Introducing the McClain sisters. | |
| 650 | 0. | ‡aBlue collar workers ‡zUnited States ‡vDrama. | |
| 650 | 0. | ‡aLawyers ‡zUnited States ‡vDrama. | |
| 650 | 0. | ‡aMan-woman relationships ‡zUnited States ‡vDrama. | |
| 650 | 0. | ‡aFathers and daughters ‡zUnited States ‡vDrama. | |
| 650 | 0. | ‡aCriminal behavior ‡zUnited States ‡vDrama. | |
| 650 | 0. | ‡aCustody of children ‡zUnited States ‡vDrama. | |
| 650 | 4. | ‡aLawyers ‡vDrama. | |
| 650 | 4. | ‡aMan-woman relationships ‡vDrama. ‡0(LARL_NWRL_CONSORTIUM)166008 | |
| 650 | 4. | ‡aFathers and daughters ‡vDrama. ‡0(LARL_NWRL_CONSORTIUM)165003 | |
| 650 | 4. | ‡aCriminal behavior ‡vDrama. | |
| 650 | 4. | ‡aWorking class ‡vDrama. | |
| 650 | 8. | ‡aWorking class ‡zUnited States ‡vDrama. | |
| 650 | 8. | ‡aLawyers ‡zUnited States ‡vDrama. | |
| 650 | 8. | ‡aMan-woman relationships ‡zUnited States ‡vDrama. | |
| 650 | 8. | ‡aFather-daughter relationship ‡zUnited States ‡vDrama. | |
| 650 | 8. | ‡aCriminal psychology ‡zUnited States ‡vDrama. | |
| 655 | 0. | ‡aDVD-Videodiscs. | |
| 655 | 7. | ‡aFeature films. ‡2gsafd ‡0(LARL_NWRL_CONSORTIUM)175625 | |
| 655 | 7. | ‡aMelodrama. ‡2gsafd | |
| 655 | 7. | ‡aLove stories. ‡2gsafd | |
| 655 | 7. | ‡aVideo recordings for the hearing impaired. ‡2lcgft ‡0(LARL_NWRL_CONSORTIUM)175744 | |
| 655 | 7. | ‡aFeature films. ‡2lcgft ‡0(LARL_NWRL_CONSORTIUM)175625 | |
| 655 | 7. | ‡aFiction films. ‡2lcgft ‡0(LARL_NWRL_CONSORTIUM)175626 | |
| 655 | 7. | ‡aMelodrama ‡vFeature. ‡2migfg | |
| 655 | 7. | ‡aFamily ‡vFeature. ‡2migfg | |
| 655 | 7. | ‡aRomance ‡vFeature. ‡2migfg | |
| 655 | 7. | ‡aCrime ‡vFeature. ‡2migfg | |
| 700 | 1 | . | ‡aCannon, Reuben, ‡d1946- ‡0(LARL_NWRL_CONSORTIUM)203022 |
| 700 | 1 | . | ‡aPerry, Tyler. ‡0(LARL_NWRL_CONSORTIUM)191081 |
| 700 | 1 | . | ‡aMcKnight, Brian, ‡d1969- ‡4cmp ‡0(LARL_NWRL_CONSORTIUM)143069 |
| 700 | 1 | . | ‡aUnion, Gabrielle. ‡0(LARL_NWRL_CONSORTIUM)152126 |
| 700 | 1 | . | ‡aElba, Idris. ‡0(LARL_NWRL_CONSORTIUM)209810 |
| 700 | 1 | . | ‡aGossett, Louis, ‡d1936- ‡0(LARL_NWRL_CONSORTIUM)85144 |
| 700 | 1 | . | ‡aSmith, Tasha, ‡d1971- ‡0(LARL_NWRL_CONSORTIUM)218583 |
| 700 | 1 | . | ‡aRoss, Tracee Ellis, ‡d1972- |
| 700 | 1 | . | ‡aWilliams, Malinda. ‡0(LARL_NWRL_CONSORTIUM)203283 |
| 700 | 1 | . | ‡aVaughn, Terri J., ‡d1969- |
| 700 | 1 | . | ‡aSturgis, Gary, ‡d1966- |
| 710 | 2 | . | ‡aTyler Perry Studios (Firm) ‡0(LARL_NWRL_CONSORTIUM)200060 |
| 710 | 2 | . | ‡aLions Gate Films. ‡0(LARL_NWRL_CONSORTIUM)145506 |
| 948 | . | ‡hHELD BY LAL - 742 OTHER HOLDINGS | |
| 994 | . | ‡aZ0 ‡bLAL | |
| 901 | . | ‡a80442 ‡bOCLC ‡c80442 ‡tbiblio | |

Add to basket
Permalink
Disable Highlighting